LDR 00644naa#a2200169#i#450# 001 EN\\bibl\122070 005 20260630140616.2 011 ## _a2782-5256 100 ## _a20260319b2026####ek#y0engy0150####ca 102 ## _aRU 200 1# _aInternational cooperation in the field of criminal justice: the concept, principles and modern realities _eJournal article 210 1# _aMoscow _cMoscow University of the Ministry of Internal Affairs of Russia named after V.Ya. Kikot _d2026 215 ## _a6 с. 608 ## _aJournal article _2local 675 ## _aПраво. Юридические науки. 34 _z 700 #1 _aMyshko _gEkaterina Fedorovna 856 4# _amosumvd.editorum.ru _u